It looks like you're offline.
Open Library logo
additional options menu

MARC record from Internet Archive

LEADER: 00970cam 2200289Ii 4500
001 ocm04250987
003 OCoLC
005 20091103161317.0
008 780930s1977 nyu 000 1 eng d
040 $aSVP$cSVP$dOCL$dIXA$dOCLCQ$dZXN$dOCLCG$dCNTRU$dCO3
019 $a4296273
020 $a0449235998
020 $a9780449235997
035 $a(OCoLC)4250987$z(OCoLC)4296273
050 00 $aPZ4.N734$aPS3564.I9
082 4 $a813/.5/4
100 1 $aNiven, Larry.
245 10 $aLucifer's hammer /$cby Larry Niven & Jerry Pournelle.
260 $aNew York :$bFawcett Crest,$c[c1977]
300 $a640 p. ;$c18 cm.
650 0 $aScience fiction, American.
700 1 $aPournelle, Jerry,$d1933-$ejoint author.
952 $a4250987$zSVP$bSAINT LOUIS PUB LIBR$hFull OCLC member$iLCC$kDDC$u20090721
952 $a370637468$zUBY$bBRIGHAM YOUNG UNIV LIBR$hFull$qcat$u20090605
029 1 $aAU@$b000001564647
994 $aZ0$bPMR
948 $hNO HOLDINGS IN PMR - 164 OTHER HOLDINGS